Statistiques concernant Football - Compo / Finale LDC 2021 : Chelsea - Manchester City

Cliquez ici pour prendre le quiz!

Statistiques générales

  • Ce quiz a été pris 110 fois
    (34 depuis la dernière actualisation)
  • Le résultat moyen est 20 sur 30

Statistiques - réponses

Joueurs% Correct
Thiago Silva
97%
Bernardo Silva
90%
Edouard Mendy
90%
Kai Havertz
90%
Kyle Walker
90%
Ederson
87%
N'Golo Kanté
83%
Kévin De Bruyne
80%
Ruben Dias
80%
Antonio Rüdiger
73%
Reece James
73%
Timo Werner
73%
Phil Foden
70%
Raheem Sterling
70%
Riyad Mahrez
70%
Mason Mount
67%
Pep Guardiola
67%
John Stones
63%
Thomas Tuchel
63%
Gabriel Jesus
60%
Ilkay Gündogan
60%
César Azpilicueta
57%
Ben Chilwell
53%
Jorginho
53%
Oleksandr Zinchenko
50%
Sergio Agüero
47%
Mateo Kovacic
43%
Fernandinho
33%
Andreas Christensen
27%
Christian Pulisic
7%

Distribution des résultats

Percentile par nombre de réponses

% des personnes avec chaque résultat

Votre développement - résultats

Vous n’avez pas pris ce quiz depuis la dernière actualisation